000
nam a22 7a 4500
999
_c
40597
_d
40597
003
OSt
005
20170922154228.0
008
170922b xxu||||| |||| 00| 0 eng d
040
_c
SERO SOFT
100
_a
AIR
245
_a
ALL INDIA REPORT
260
_a
NAPUR
_b
AIR NAGPUR PVT
_c
2017
942
_2
ddc
_c
01